[Event "36th Reykjavik op"]
[Site "Reykjavik ISL"]
[Date "2023.04.02"]
[Round "7.53"]
[White "Camus de Solliers, Guillaume"]
[Black "Bjorkman, Filip"]
[WhiteElo "2325"]
[BlackElo "2040"]
[Result "1/2-1/2"]
[EventDate "2023.03.29"]
[PlyCount "75"]

1. d4 Nf6 2. c4 g6 3. Nc3 d5 4. cxd5 Nxd5 5. e4 Nxc3 6. bxc3 Bg7 7. Nf3 c5 8. Rb1
cxd4 9. cxd4 Qa5+ 10. Bd2 Qxa2 11. Be2 O-O 12. O-O b6 13. Qc1 Qe6 14. Re1 Ba6 15.
Bd1 Bd3 16. Rb4 Qc6 17. Qa3 Bxe4 18. Ne5 Bxe5 19. dxe5 Bxg2 20. Rh4 Bd5 21. Qxe7
Nd7 22. Qg5 f6 23. exf6 Nxf6 24. Re7 Rf7 25. Rxf7 Bxf7 26. Rf4 Nd5 27. Rxf7 Kxf7
28. Bf3 Ke6 29. Bc3 Qd6 30. Qg4+ Kf7 31. Qd4 Rd8 32. Qg7+ Ke8 33. Qg8+ Qf8 34. Qe6+
Qe7 35. Qg8+ Qf8 36. Qe6+ Qe7 37. Qg8+ Qf8 38. Qe6+  1/2-1/2

[Event "36th Reykjavik op"]
[Site "Reykjavik ISL"]
[Date "2023.04.02"]
[Round "7.54"]
[White "Soderstrom, Adrian"]
[Black "Holand, Per Fredrik"]
[WhiteElo "2322"]
[BlackElo "2026"]
[Result "1-0"]
[EventDate "2023.03.29"]
[PlyCount "79"]

1. d4 Nf6 2. c4 e6 3. Nf3 d5 4. Nc3 c6 5. g3 dxc4 6. Bg2 b5 7. Ne5 a6 8. O-O Bb7
9. b3 b4 10. bxc4 bxc3 11. Rb1 Ra7 12. d5 Bc5 13. Nd3 Bd4 14. dxc6 Bxc6 15. Rxb8
Qxb8 16. Bxc6+ Kf8 17. Ba3+ Kg8 18. e3 Qc8 19. Bg2 Qxc4 20. Ne5 c2 21. Nxc4 cxd1=Q
22. Rxd1 h6 23. exd4 Nd5 24. Bxd5 exd5 25. Nb6 Kh7 26. Nxd5 Rc8 27. Ne3 Rd7 28. d5
a5 29. Rc1 Re8 30. d6 Re4 31. Rc7 Rd8 32. Rxf7 Kg8 33. Re7 Ra4 34. d7 Rxa3 35. Re8+
Kf7 36. Rxd8 Ke7 37. Rg8 Kxd7 38. Rxg7+ Ke6 39. Rg6+ Kf7 40. Rxh6  1-0

[Event "36th Reykjavik op"]
[Site "Reykjavik ISL"]
[Date "2023.04.02"]
[Round "7.55"]
[White "Maleki, Nicolas"]
[Black "Gaal, Zsoka"]
[WhiteElo "2018"]
[BlackElo "2320"]
[Result "0-1"]
[EventDate "2023.03.29"]
[PlyCount "50"]

1. d4 Nf6 2. c4 e6 3. Nc3 Bb4 4. Nf3 Bxc3+ 5. bxc3 d6 6. Bg5 h6 7. Bh4 Nbd7 8. e3
e5 9. Be2 Qe7 10. O-O b6 11. Qa4 O-O 12. Rab1 Bb7 13. Rfd1 g5 14. Bg3 Ne4 15. Rbc1
h5 16. h3 Nxg3 17. fxg3 exd4 18. exd4 Qxe2 19. Qxd7 Bxf3 20. gxf3 Qxf3 21. Rf1 Qxg3+
22. Kh1 Rae8 23. Rg1 Qf3+ 24. Rg2 Re2 25. Rcg1 g4  0-1

[Event "36th Reykjavik op"]
[Site "Reykjavik ISL"]
[Date "2023.04.02"]
[Round "7.56"]
[White "Domalchuk-Jonasson, Aleksandr"]
[Black "Mehlhorn, David"]
[WhiteElo "2318"]
[BlackElo "2004"]
[Result "1-0"]
[EventDate "2023.03.29"]
[PlyCount "61"]

1. d4 d5 2. c4 e6 3. Nc3 Nf6 4. Nf3 Nbd7 5. Bf4 dxc4 6. e3 b5 7. Nxb5 Bb4+ 8. Nc3
Nd5 9. Rc1 N7b6 10. Bg3 Bb7 11. Nd2 O-O 12. Bxc4 Nxc3 13. bxc3 Ba3 14. Rb1 Bxg2 15.
Rg1 Bd5 16. Bd3 f5 17. c4 Bc6 18. Be5 g6 19. c5 Nd5 20. Qh5 Qe8 21. Qh6 Qf7 22. h4
Nf6 23. h5 Ng4 24. hxg6 Qxg6 25. Rxg4 Qxg4 26. Qxe6+ Rf7 27. Qxc6 Qg1+ 28. Nf1 Raf8
29. Bc4 a5 30. Qf6 c6 31. Qh8#  1-0

[Event "36th Reykjavik op"]
[Site "Reykjavik ISL"]
[Date "2023.04.02"]
[Round "7.57"]
[White "Pourkashiyan, Atousa"]
[Black "Grigoriev, Dmitriy"]
[WhiteElo "2313"]
[BlackElo "1969"]
[Result "1-0"]
[EventDate "2023.03.29"]
[PlyCount "67"]

1. e4 e5 2. Nf3 Nc6 3. Bb5 a6 4. Ba4 Nge7 5. O-O g6 6. c3 Bg7 7. d4 exd4 8. cxd4
b5 9. Bb3 d6 10. d5 Na5 11. Bd2 Nxb3 12. Qxb3 c5 13. Bc3 O-O 14. h3 f5 15. Bxg7 Kxg7
16. Nbd2 Ng8 17. Rfe1 Re8 18. exf5 Rxe1+ 19. Rxe1 gxf5 20. Nf1 Qf6 21. Ng3 Kf8 22.
Qe3 Bd7 23. Nh5 Qg6 24. Nf4 Qf6 25. Ng5 Qe5 26. Nxh7+ Kg7 27. Ng5 Kf6 28. Qc1 Qd4
29. Nf3 Qb4 30. Nd3 Qa5 31. Qg5+ Kf7 32. Nf4 Qxe1+ 33. Nxe1 Ne7 34. Qh6  1-0

[Event "36th Reykjavik op"]
[Site "Reykjavik ISL"]
[Date "2023.04.02"]
[Round "7.58"]
[White "Schaefer, Bernd"]
[Black "Doluhanova, Evgeniya"]
[WhiteElo "2018"]
[BlackElo "2311"]
[Result "0-1"]
[EventDate "2023.03.29"]
[PlyCount "70"]

1. Nf3 Nf6 2. d4 e6 3. e3 b6 4. Bd3 Bb7 5. b3 g6 6. Bb2 Bg7 7. Nbd2 d6 8. Qe2 Nbd7
9. c4 O-O 10. h4 c5 11. dxc5 Nxc5 12. Bc2 e5 13. b4 Ne6 14. O-O Rc8 15. Rac1 Qe7
16. Rfd1 Nh5 17. Be4 f5 18. Bxb7 Qxb7 19. Nf1 Qf7 20. g3 h6 21. N3h2 Nf6 22. Rd2
g5 23. hxg5 hxg5 24. Rcd1 Ne4 25. Rd5 g4 26. Nd2 Nf6 27. Rd3 Ng5 28. Nb3 Qb7 29.
Rd5 Nxd5 30. Rxd5 Qc6 31. Nd2 b5 32. Nxg4 bxc4 33. Nh6+ Bxh6 34. Qh5 Rf6 35. f4 Nh3+
 0-1

[Event "36th Reykjavik op"]
[Site "Reykjavik ISL"]
[Date "2023.04.02"]
[Round "7.59"]
[White "Gkogkas, Dimitrios"]
[Black "Olson, Hamish"]
[WhiteElo "2015"]
[BlackElo "2309"]
[Result "0-1"]
[EventDate "2023.03.29"]
[PlyCount "62"]

1. d4 d5 2. Nf3 Nf6 3. c4 e6 4. g3 Bb4+ 5. Bd2 Be7 6. Bg2 O-O 7. Qc2 c6 8. O-O Nbd7
9. Bf4 a5 10. Nbd2 Nh5 11. Ne5 Nxf4 12. gxf4 g6 13. e3 Nf6 14. c5 Bd7 15. b3 b6 16.
Nd3 bxc5 17. Nxc5 Qb6 18. Rfc1 Rfc8 19. Nf3 Be8 20. Ne5 Qa7 21. Ned3 Bd6 22. Qc3
Nh5 23. Bf3 Ng7 24. Bg4 Qe7 25. Kh1 Qh4 26. Rg1 g5 27. Ne5 gxf4 28. Bxe6 fxe6 29.
Nxe6 Bxe5 30. dxe5 Bg6 31. Nxf4 Be4+  0-1

[Event "36th Reykjavik op"]
[Site "Reykjavik ISL"]
[Date "2023.04.02"]
[Round "7.60"]
[White "Nilsson, Oliver"]
[Black "Salles, Louis"]
[WhiteElo "1955"]
[BlackElo "2287"]
[Result "0-1"]
[EventDate "2023.03.29"]
[PlyCount "66"]

1. e4 c5 2. Nf3 d6 3. Bb5+ Nd7 4. a4 Ngf6 5. Nc3 a6 6. Be2 e6 7. O-O b6 8. d4 cxd4
9. Qxd4 Qc7 10. Rd1 Bb7 11. Be3 Be7 12. Nd2 O-O 13. Nc4 e5 14. Qd3 Rad8 15. b4 Nxe4
16. Nxe4 d5 17. Nxb6 Nxb6 18. Nc5 Bxc5 19. Bxc5 Rfe8 20. Qg3 Nd7 21. Be3 Nf8 22.
Rac1 Rd6 23. Bd3 d4 24. Bd2 Qd7 25. b5 e4 26. bxa6 Bxa6 27. Bxa6 Rxa6 28. Qb3 Rxa4
29. Be3 Ne6 30. f3 Qa7 31. Bf2 e3 32. Bg3 d3 33. Rxd3 Nd4  0-1

[Event "36th Reykjavik op"]
[Site "Reykjavik ISL"]
[Date "2023.04.02"]
[Round "7.61"]
[White "Kolka, David"]
[Black "Heurtebize, Olivier"]
[WhiteElo "1940"]
[BlackElo "2269"]
[Result "0-1"]
[EventDate "2023.03.29"]
[PlyCount "66"]

1. e4 c5 2. c3 Nf6 3. e5 Nd5 4. Nf3 e6 5. d4 cxd4 6. cxd4 b6 7. Nc3 Bb7 8. Bd3 Be7
9. O-O Nxc3 10. bxc3 d6 11. Re1 Qc7 12. Bf4 Nd7 13. Ng5 dxe5 14. dxe5 Nc5 15. Bb5+
Bc6 16. Qf3 Rc8 17. Bxc6+ Qxc6 18. Qh5 g6 19. Qh6 Bf8 20. Qh3 h6 21. Be3 Bg7 22.
Nf3 Nd3 23. Nd4 Qc4 24. Red1 Nxe5 25. Rab1 Rd8 26. Qh4 g5 27. Bxg5 hxg5 28. Qxg5
O-O 29. h4 Qxc3 30. Rb3 Qc5 31. Rb5 Qxb5 32. Nxb5 Rxd1+ 33. Kh2 Rd5  0-1

[Event "36th Reykjavik op"]
[Site "Reykjavik ISL"]
[Date "2023.04.02"]
[Round "7.63"]
[White "Dieu, Bruno"]
[Black "Goh, Jinghan Cameron"]
[WhiteElo "2219"]
[BlackElo "1899"]
[Result "1-0"]
[EventDate "2023.03.29"]
[PlyCount "59"]

1. d4 Nf6 2. c4 e6 3. Nc3 c5 4. d5 exd5 5. cxd5 d6 6. e4 g6 7. Bd3 Bg7 8. h3 O-O
9. Bg5 Re8 10. Nf3 c4 11. Bc2 b5 12. a3 Nbd7 13. O-O Qb6 14. Re1 a5 15. Qd2 Ba6 16.
Be3 Nc5 17. Bd4 Nfd7 18. Bxg7 Kxg7 19. Rad1 b4 20. Na4 Qb7 21. Nxc5 Nxc5 22. e5 dxe5
23. Nxe5 Rad8 24. Ng4 Nd7 25. axb4 Qxb4 26. Qd4+ f6 27. Re6 Bc8 28. Rxf6 Re1+ 29.
Rxe1 Qxe1+ 30. Kh2  1-0

[Event "36th Reykjavik op"]
[Site "Reykjavik ISL"]
[Date "2023.04.02"]
[Round "7.64"]
[White "Rebers, Eugene"]
[Black "Haraldsson, Haraldur"]
[WhiteElo "2213"]
[BlackElo "1882"]
[Result "1/2-1/2"]
[EventDate "2023.03.29"]
[PlyCount "84"]

1. d4 Nf6 2. Bf4 e6 3. e3 b6 4. Qf3 d5 5. Nc3 c6 6. g4 Bb4 7. Nge2 Ne4 8. a3 Bxc3+
9. Nxc3 Nxc3 10. bxc3 a5 11. h4 Ba6 12. g5 Bxf1 13. Kxf1 Nd7 14. Qg3 Qc8 15. Kg2
c5 16. Bd6 Qc6 17. h5 O-O-O 18. h6 g6 19. Rab1 f5 20. Be5 Rhf8 21. Rb2 c4 22. Rhb1
Rf7 23. Rb5 Re8 24. Bd6 f4 25. Bxf4 Ref8 26. Kg1 Rf5 27. a4 R8f7 28. Qg4 Kd8 29.
Bg3 Ke7 30. Re1 Kd8 31. Re2 Re7 32. Kh2 e5 33. dxe5 Nxe5 34. Bxe5 Rexe5 35. Qd4 Rxg5
36. f4 Rh5+ 37. Kg1 Re6 38. Rd2 Kc7 39. Rh2 Rxh2 40. Kxh2 Rd6 41. Kg3 Rd7 42. Qe5+
Kb7  1/2-1/2

[Event "36th Reykjavik op"]
[Site "Reykjavik ISL"]
[Date "2023.04.02"]
[Round "7.65"]
[White "Cornelisse, John"]
[Black "Frank, Anton"]
[WhiteElo "2203"]
[BlackElo "1857"]
[Result "1/2-1/2"]
[EventDate "2023.03.29"]
[PlyCount "112"]

1. e4 c5 2. Nf3 d6 3. c3 Nf6 4. Bd3 Nc6 5. O-O e5 6. Bc2 Be7 7. d3 O-O 8. Nbd2 Bg4
9. h3 Bxf3 10. Nxf3 Nd7 11. d4 Qc7 12. Be3 Nb6 13. Qe2 Rac8 14. Rac1 Rfe8 15. Rfd1
Bf8 16. h4 h6 17. h5 Nd7 18. b4 exd4 19. cxd4 Nxb4 20. Bb1 b6 21. Nh4 Nf6 22. Qf3
Qe7 23. Nf5 Qe6 24. a3 Na6 25. e5 dxe5 26. d5 e4 27. dxe6 exf3 28. exf7+ Kxf7 29.
Ba2+ Re6 30. Nd6+ Bxd6 31. Rxd6 Rce8 32. Rcd1 Nc7 33. Rc6 R8e7 34. Bf4 c4 35. Bxc4
Ncd5 36. Bd6 Re1+ 37. Rxe1 Rxe1+ 38. Kh2 fxg2 39. Kxg2 Re6 40. Bb3 b5 41. a4 b4 42.
a5 g6 43. hxg6+ Kxg6 44. Bc2+ Kf7 45. Bf5 Re1 46. Ra6 Ne8 47. Bc5 Nec7 48. Rxh6 Re5
49. Bb1 Nf4+ 50. Kf3 Rxc5 51. Kxf4 Ne6+ 52. Ke3 Rxa5 53. Rh4 Ra3+ 54. Kd2 a5 55.
Rh5 Kf6 56. f4 Rf3  1/2-1/2

[Event "36th Reykjavik op"]
[Site "Reykjavik ISL"]
[Date "2023.04.02"]
[Round "7.66"]
[White "Skarphedinsson, Ingvar Wu"]
[Black "Leonard, Timo"]
[WhiteElo "1882"]
[BlackElo "2196"]
[Result "0-1"]
[EventDate "2023.03.29"]
[PlyCount "128"]

1. d4 d5 2. c4 c6 3. cxd5 cxd5 4. Nf3 Nf6 5. Nc3 Nc6 6. Bf4 a6 7. e3 Bf5 8. Bd3 Bxd3
9. Qxd3 e6 10. O-O Be7 11. h3 O-O 12. Rac1 Rc8 13. Ne5 Qa5 14. a3 Nxe5 15. dxe5 Nd7
16. e4 d4 17. Qxd4 Rfd8 18. Qa4 Qxa4 19. Nxa4 Rxc1 20. Rxc1 b5 21. Nc3 g5 22. Bg3
Nb6 23. Rd1 Nc4 24. Rxd8+ Bxd8 25. Nd1 Bb6 26. Kf1 Bd4 27. Ke2 Nxb2 28. f4 gxf4 29.
Bxf4 Nxd1 30. Kxd1 Bb2 31. Kc2 Bxa3 32. Kb3 Bc5 33. Bh6 a5 34. Kc3 a4 35. Kd3 Bf8
36. Bc1 Kg7 37. g4 Kg6 38. Kd4 h5 39. Kc3 hxg4 40. hxg4 Bc5 41. Bf4 Kg7 42. Bc1 Kf8
43. Bh6+ Ke8 44. Bc1 Kd7 45. Bf4 Kc6 46. Bc1 Bf2 47. g5 Be1+ 48. Kd4 Bb4 49. Kd3
a3 50. Kc2 Be7 51. Kb3 b4 52. Kc4 Bc5 53. Kb3 Kb5 54. Bd2 Bd4 55. Bf4 Bc3 56. Bg3
Bd2 57. Bf2 Bxg5 58. Be1 Be7 59. Bd2 Bc5 60. Bg5 Bd4 61. Bf4 a2 62. Kxa2 Kc4 63.
Bg3 b3+ 64. Kb1 Kd3  0-1

[Event "36th Reykjavik op"]
[Site "Reykjavik ISL"]
[Date "2023.04.02"]
[Round "7.67"]
[White "Qiu, Peter Yong"]
[Black "Bruchmann, Stephan"]
[WhiteElo "1729"]
[BlackElo "2185"]
[Result "0-1"]
[EventDate "2023.03.29"]
[PlyCount "108"]

1. e4 c6 2. d4 g6 3. Nc3 d5 4. f3 dxe4 5. fxe4 Nf6 6. Nf3 Bg7 7. Bc4 b5 8. Bd3 Bg4
9. e5 Nd5 10. O-O O-O 11. Ne4 f6 12. exf6 exf6 13. c3 Nd7 14. h3 Be6 15. Re1 Re8
16. Qc2 Qc7 17. Qf2 Rad8 18. a4 a6 19. axb5 axb5 20. Bd2 Bf7 21. g4 Re7 22. Qh2 Qb6
23. Nd6 Ne5 24. Nxe5 fxe5 25. Nxf7 Rxf7 26. Rxe5 Rdf8 27. Re4 c5 28. c4 Nb4 29. dxc5
Qxc5+ 30. Be3 Qc8 31. Qd2 Nxd3 32. Qxd3 Qb8 33. Bc5 Rd8 34. Qe3 bxc4 35. Re1 Qxb2
36. Re8+ Rxe8 37. Qxe8+ Bf8 38. Bxf8 Qf2+ 39. Kh1 Rxf8 40. Qe6+ Qf7 41. Qxf7+ Kxf7
42. Kg2 c3 43. Rc1 Rc8 44. Kf3 c2 45. h4 h6 46. Ke3 Ke6 47. Ke4 Rc4+ 48. Kf3 Kd5
49. g5 h5 50. Ke3 Rc3+ 51. Kd2 Kd4 52. Ke2 Kc4 53. Kd2 Kb3 54. Re1 Kb2  0-1

[Event "36th Reykjavik op"]
[Site "Reykjavik ISL"]
[Date "2023.04.02"]
[Round "7.68"]
[White "Pedersen, Sondre-Andreas"]
[Black "Mohota, Nisha"]
[WhiteElo "1674"]
[BlackElo "2177"]
[Result "0-1"]
[EventDate "2023.03.29"]
[PlyCount "128"]

1. d4 Nf6 2. c4 e6 3. Nc3 Bb4 4. f3 c5 5. d5 b5 6. e4 d6 7. Bg5 h6 8. Bh4 exd5 9.
cxd5 a6 10. a4 bxa4 11. Qxa4+ Bd7 12. Qc2 Qe7 13. Bc4 g5 14. Bf2 Ra7 15. Nge2 Bc8
16. O-O Rc7 17. f4 Ng4 18. Rad1 gxf4 19. Nxf4 Nd7 20. Be2 Nxf2 21. Rxf2 c4 22. Kh1
Bc5 23. Rf3 Ne5 24. Rg3 Bf2 25. Rg7 Kf8 26. Nh5 Be3 27. Rf1 Bg5 28. h3 Bd7 29. Bd1
Be8 30. Ne2 Rg8 31. Nd4 Bd7 32. Rxg8+ Kxg8 33. Ng3 Nd3 34. Bh5 Nf4 35. Ngf5 Bxf5
36. Nxf5 Qe5 37. Bf3 Kh7 38. Nxd6 Ng6 39. Nf5 Rb7 40. Qxc4 Ne7 41. Nxe7 Bxe7 42.
Qc3 Bd6 43. Qxe5 Bxe5 44. Be2 a5 45. Rb1 Rxb2 46. Rxb2 Bxb2 47. g4 Be5 48. Kg2 Kg6
49. h4 f6 50. Bb5 Kf7 51. Kf3 Ke7 52. g5 fxg5 53. hxg5 hxg5 54. Kg4 Kf6 55. Ba4 Bf4
56. Bb3 Ke5 57. Bc2 Bd2 58. Kf3 Bb4 59. Kg4 Be7 60. Kh5 Kf4 61. Ba4 g4 62. e5 g3
63. d6 g2 64. dxe7 g1=Q  0-1

[Event "36th Reykjavik op"]
[Site "Reykjavik ISL"]
[Date "2023.04.02"]
[Round "7.69"]
[White "Garbuz, Vitaliy"]
[Black "Carr, Jay"]
[WhiteElo "2155"]
[BlackElo "1663"]
[Result "1-0"]
[EventDate "2023.03.29"]
[PlyCount "94"]

1. e4 c5 2. Nc3 e6 3. f4 d5 4. Nf3 dxe4 5. Nxe4 Nc6 6. Bb5 Bd7 7. c3 Be7 8. Qe2 Nf6
9. d3 Qc7 10. Nxf6+ Bxf6 11. Be3 a6 12. Ba4 b5 13. Bc2 Ne7 14. Qf2 Rc8 15. Ng5 Nf5
16. Bd2 O-O 17. O-O Be7 18. Rae1 Bc6 19. g4 Nh6 20. h3 Bd5 21. Be3 f5 22. Qh4 Bd6
23. gxf5 exf5 24. b3 Rf6 25. d4 c4 26. b4 Qc6 27. Kh2 Ng4+ 28. Kg1 Rh6 29. Qg3 Nxe3
30. Rxe3 Rf6 31. Kh2 Rcf8 32. Re5 h6 33. Nf3 Be4 34. Rg1 R8f7 35. Bd1 Qc7 36. Re8+
Kh7 37. Re5 Bxf3 38. Bxf3 Re6 39. Bd5 Ref6 40. Bxf7 Rxf7 41. Qg6+ Kh8 42. Re8+ Bf8
43. Qg3 Qd7 44. Rge1 Rf6 45. Qe3 Kh7 46. Re6 Bd6 47. Rxf6 g5  1-0

[Event "36th Reykjavik op"]
[Site "Reykjavik ISL"]
[Date "2023.04.02"]
[Round "7.70"]
[White "Ornolfsson, Magnus P."]
[Black "Arian, Tomer"]
[WhiteElo "2153"]
[BlackElo "1644"]
[Result "1/2-1/2"]
[EventDate "2023.03.29"]
[PlyCount "140"]

1. Nf3 Nf6 2. c4 g6 3. d4 Bg7 4. Nc3 d5 5. Bg5 Ne4 6. Bf4 Nxc3 7. bxc3 O-O 8. e3
c5 9. Be2 b6 10. O-O cxd4 11. cxd4 Bb7 12. a4 Nd7 13. a5 dxc4 14. Bxc4 bxa5 15. Qe2
Nb6 16. Ba6 Bxa6 17. Qxa6 a4 18. Rfc1 Nd5 19. Bg3 e6 20. Rxa4 Qd7 21. h3 Rfe8 22.
Rac4 h6 23. e4 Nf6 24. Rc7 Qd8 25. Qb7 Rf8 26. Be5 a5 27. Qc6 Qe8 28. Qc2 Qd8 29.
Bxf6 Bxf6 30. Qa4 Qb8 31. e5 Bd8 32. R7c4 Be7 33. h4 Qb6 34. Rc6 Qb4 35. Qc2 a4 36.
d5 exd5 37. e6 Qe4 38. exf7+ Kxf7 39. Ne5+ Kg8 40. Rxg6+ Kh7 41. Qxe4 dxe4 42. Rc7
Rfe8 43. Rcc6 Bf8 44. Nd7 Bg7 45. h5 Kh8 46. Nf6 Re7 47. Nd5 Rb7 48. Nc7 Raa7 49.
Ne6 a3 50. Nxg7 Rxg7 51. Rxh6+ Kg8 52. Rc8+ Kf7 53. Rc1 a2 54. Ra1 Rg5 55. Rh7+ Rg7
56. Rh6 Rg5 57. Rb6 Rxh5 58. Rb4 Re5 59. Kf1 Ke6 60. Ke2 Ra3 61. Rb6+ Kf5 62. Rb8
Kg5 63. g3 Kf5 64. Rf8+ Ke6 65. Re8+ Kf5 66. Rf8+ Ke6 67. Rb8 Kf5 68. Rb2 Rea5 69.
Rd2 R3a4 70. Rb2 Ra3  1/2-1/2

[Event "36th Reykjavik op"]
[Site "Reykjavik ISL"]
[Date "2023.04.02"]
[Round "7.71"]
[White "Hauksson, Helgi"]
[Black "Kracht, Raphael"]
[WhiteElo "1637"]
[BlackElo "2145"]
[Result "0-1"]
[EventDate "2023.03.29"]
[PlyCount "74"]

1. Nf3 d5 2. d4 Nf6 3. g3 c5 4. Bg2 cxd4 5. Nxd4 e5 6. Nb3 h6 7. O-O Be7 8. N1d2
Nc6 9. c4 d4 10. Ne4 Nxe4 11. Bxe4 Be6 12. Nd2 f5 13. Bg2 O-O 14. b3 e4 15. Bb2 Bc5
16. a3 a5 17. Rc1 Qe7 18. Nb1 Rad8 19. Kh1 h5 20. e3 dxe3 21. Qxh5 exf2 22. Nc3 Rd2
23. Nd5 Bxd5 24. cxd5 Rxd5 25. Qg6 Rd6 26. Qh5 Bd4 27. Bxd4 Nxd4 28. Rxf2 e3 29.
Rf4 e2 30. Re1 Rh6 31. Bd5+ Kh7 32. Qxh6+ gxh6 33. Rxd4 Rd8 34. Rd2 Rxd5 35. Rdxe2
Qxa3 36. Re7+ Kg6 37. R1e6+ Kh5  0-1

[Event "36th Reykjavik op"]
[Site "Reykjavik ISL"]
[Date "2023.04.02"]
[Round "7.72"]
[White "Lien, Sebastian"]
[Black "Wecker, Martin"]
[WhiteElo "1618"]
[BlackElo "2144"]
[Result "0-1"]
[EventDate "2023.03.29"]
[PlyCount "100"]

1. d4 Nf6 2. Nf3 d5 3. c4 e6 4. Bg5 Bb4+ 5. Nbd2 dxc4 6. Qa4+ Nc6 7. e3 Bd7 8. Bxf6
gxf6 9. Qc2 b5 10. g3 Ne7 11. Bg2 Bc6 12. O-O Bxd2 13. Qxd2 O-O 14. Rfe1 Be4 15.
Rad1 Ng6 16. Nh4 Bxg2 17. Nxg2 Qd6 18. h4 Rfd8 19. Qe2 Qf8 20. e4 e5 21. h5 Ne7 22.
d5 Nc8 23. Ne3 Qh6 24. Ng4 Qg7 25. Qf3 Rd6 26. Kg2 Ne7 27. Rh1 Kh8 28. Rh4 h6 29.
Rdh1 c6 30. Ne3 cxd5 31. exd5 Qh7 32. a4 a6 33. Ra1 Rad8 34. axb5 axb5 35. Ra7 Ng8
36. Rb7 f5 37. Rxb5 Nf6 38. Rxc4 f4 39. Ng4 Nxd5 40. Nxe5 Qf5 41. Re4 Re6 42. gxf4
Rg8+ 43. Kf1 Rd6 44. Ke2 Rgd8 45. Nc4 Nxf4+ 46. Qxf4 Qxb5 47. Kf3 Qxh5+ 48. Qg4 Qh1+
49. Ke3 Rd3+ 50. Kf4 Qxe4+  0-1

[Event "36th Reykjavik op"]
[Site "Reykjavik ISL"]
[Date "2023.04.02"]
[Round "7.75"]
[White "Andriessen, Bart Jan"]
[Black "Gajewski, Grzegorz"]
[WhiteElo "1966"]
[BlackElo "2587"]
[Result "0-1"]
[EventDate "2023.03.29"]
[PlyCount "66"]

1. d4 Nf6 2. c4 e6 3. Nf3 d5 4. g3 Bb4+ 5. Nbd2 O-O 6. Bg2 b6 7. O-O Bb7 8. Ne5 a5
9. Qc2 a4 10. Rb1 Re8 11. Rd1 h6 12. a3 Bf8 13. e4 c6 14. b4 axb3 15. Rxb3 Nbd7 16.
Nxf7 Kxf7 17. e5 Kg8 18. exf6 Nxf6 19. c5 Nd7 20. f4 Rb8 21. cxb6 c5 22. Re1 cxd4
23. Qc7 Nc5 24. Qxd8 Rexd8 25. Rf3 Ba6 26. Nb3 d3 27. Nd2 Rxb6 28. f5 Ne4 29. fxe6
Bc5+ 30. Kf1 Rxe6 31. Bh3 Nxd2+ 32. Bxd2 Re2 33. Be6+ Kh8  0-1

[Event "36th Reykjavik op"]
[Site "Reykjavik ISL"]
[Date "2023.04.02"]
[Round "7.76"]
[White "Ladopoulos, Dimitrios"]
[Black "Yeo, Ruizhi Carwyn"]
[WhiteElo "2391"]
[BlackElo "1963"]
[Result "1-0"]
[EventDate "2023.03.29"]
[PlyCount "75"]

1. d4 Nf6 2. Nf3 g6 3. c4 Bg7 4. g3 O-O 5. Bg2 c6 6. O-O d5 7. a4 Ne4 8. a5 b5 9.
axb6 Qxb6 10. c5 Qb7 11. Qa4 Qa6 12. Nc3 Nxc3 13. bxc3 Qxa4 14. Rxa4 Ba6 15. Re1
Bb5 16. Ra5 Nd7 17. e4 Nxc5 18. dxc5 Bxc3 19. Bd2 Bxa5 20. Bxa5 e6 21. Nd4 Rab8 22.
Bc7 Rb7 23. Bd6 Rc8 24. exd5 exd5 25. Bh3 Rd8 26. Ra1 a6 27. Bf1 Rc8 28. Bxb5 axb5
29. Ra6 b4 30. Rb6 Rxb6 31. cxb6 c5 32. Bxc5 Rb8 33. Kf1 f6 34. Ke2 Kf7 35. Ke3 Ke8
36. Nc6 Rb7 37. Na5 Rb8 38. b7  1-0

[Event "36th Reykjavik op"]
[Site "Reykjavik ISL"]
[Date "2023.04.02"]
[Round "7.77"]
[White "Gudmundsson, Gunnar Erik"]
[Black "Trimitzios, Petros"]
[WhiteElo "1961"]
[BlackElo "2358"]
[Result "1/2-1/2"]
[EventDate "2023.03.29"]
[PlyCount "218"]

1. d4 f5 2. c4 Nf6 3. Nf3 g6 4. g3 Bg7 5. Bg2 O-O 6. O-O d6 7. Nc3 c6 8. Re1 Ne4
9. Qb3 Qb6 10. e3 Nxc3 11. bxc3 Qxb3 12. axb3 e5 13. Ba3 e4 14. Nd2 Rd8 15. f3 d5
16. cxd5 cxd5 17. c4 exf3 18. Bxf3 Be6 19. b4 Na6 20. b5 Nc7 21. Rab1 dxc4 22. Bxb7
Rab8 23. Bc6 c3 24. Nf3 Bd7 25. Be7 Bxc6 26. Bxd8 Nxb5 27. Ba5 Bxf3 28. Bxc3 a6 29.
Ba5 Be4 30. Rbc1 Nxd4 31. exd4 Bxd4+ 32. Kf1 Rb2 33. Rxe4 fxe4 34. Rc4 Bg7 35. Rxe4
Rxh2 36. Re6 Ra2 37. Rxa6 Be5 38. g4 Ra4 39. Ra8+ Kf7 40. Ra7+ Ke6 41. Bb6 Rf4+ 42.
Ke2 Rxg4 43. Rxh7 Kf5 44. Rf7+ Ke4 45. Kf2 Rh4 46. Bc7 Rh2+ 47. Kg1 Rh5 48. Bxe5
Kxe5 49. Rb7 Rf5 50. Kg2 Kf4 51. Rb4+ Kg5 52. Kg3 Rc5 53. Rg4+ Kf6 54. Rf4+ Kg7 55.
Kg4 Kh6 56. Rd4 Rg5+ 57. Kh4 Rg1 58. Rd6 Rb1 59. Rd8 Rb4+ 60. Kg3 Kh5 61. Rd3 g5
62. Ra3 Rg4+ 63. Kh3 Rg1 64. Kh2 Rb1 65. Kg3 Rb4 66. Rc3 Re4 67. Ra3 Re5 68. Rb3
Kg6 69. Kg4 Re4+ 70. Kg3 Rh4 71. Rb6+ Kh5 72. Rb3 Rf4 73. Ra3 Rf5 74. Ra8 Rf7 75.
Rh8+ Kg6 76. Rg8+ Kf5 77. Ra8 Rb7 78. Ra5+ Kg6 79. Ra6+ Kh5 80. Ra3 Rb5 81. Rc3 Kg6
82. Kg4 Rb4+ 83. Kg3 Kh5 84. Ra3 Rb1 85. Rc3 Rg1+ 86. Kh2 Re1 87. Kg3 Re5 88. Ra3
g4 89. Rb3 Kg5 90. Ra3 Rf5 91. Rb3 Rf1 92. Rb5+ Rf5 93. Rxf5+ Kxf5 94. Kg2 Kf4 95.
Kf2 Kg5 96. Kg3 Kh5 97. Kg2 Kh4 98. Kh2 g3+ 99. Kg2 Kg4 100. Kg1 Kg5 101. Kg2 Kh4
102. Kg1 Kg4 103. Kg2 Kf4 104. Kg1 Kf3 105. Kf1 Kg4 106. Kg2 Kh4 107. Kg1 Kh3 108.
Kh1 g2+ 109. Kg1 Kg3  1/2-1/2

[Event "36th Reykjavik op"]
[Site "Reykjavik ISL"]
[Date "2023.04.02"]
[Round "7.78"]
[White "O`gorman, Tom"]
[Black "Koschetzki, Christian"]
[WhiteElo "2357"]
[BlackElo "1960"]
[Result "1-0"]
[EventDate "2023.03.29"]
[PlyCount "37"]

1. e4 e5 2. Nf3 Nc6 3. Bb5 a6 4. Ba4 Nf6 5. O-O b5 6. Bb3 Be7 7. d4 O-O 8. Nxe5 Na5
9. Nxf7 Rxf7 10. Bxf7+ Kxf7 11. e5 Bb7 12. exf6 Bxf6 13. Nc3 d6 14. Re1 Qd7 15. a4
Qf5 16. axb5 Qg6 17. d5 Nc4 18. bxa6 Bc8 19. Qd3  1-0

[Event "36th Reykjavik op"]
[Site "Reykjavik ISL"]
[Date "2023.04.02"]
[Round "7.79"]
[White "Heimisson, Hilmir Freyr"]
[Black "Biedenkopf, Philipp"]
[WhiteElo "2351"]
[BlackElo "1959"]
[Result "1/2-1/2"]
[EventDate "2023.03.29"]
[PlyCount "143"]

1. d4 Nf6 2. c4 e6 3. Nf3 d5 4. e3 b6 5. b3 Bb7 6. Bd3 Bd6 7. O-O O-O 8. Bb2 Nbd7
9. Nc3 a6 10. cxd5 exd5 11. Ne2 Re8 12. Ng3 g6 13. Rc1 h5 14. Qc2 Qe7 15. Ne5 h4
16. Ne2 Ne4 17. f3 Ng5 18. f4 Ne4 19. Rf3 Ndf6 20. Qd1 Kg7 21. Qe1 Rh8 22. Rh3 Bc8
23. Rxh4 Bf5 24. Rxh8 Rxh8 25. Ng3 Nxg3 26. Qxg3 Bxd3 27. Nxd3 Ne4 28. Qf3 Qh4 29.
h3 f6 30. Bc3 Re8 31. Be1 Qh7 32. Qg4 Re7 33. Nf2 f5 34. Qf3 Qg8 35. Nxe4 Rxe4 36.
Bf2 Qe8 37. Kh1 Qb5 38. Qd1 Qe8 39. Qd3 a5 40. a4 Kh6 41. Bg1 Kh7 42. Qc3 Kh6 43.
Rf1 Kg7 44. Rf3 Kf6 45. Rf1 Kf7 46. Rc1 Kg7 47. Bf2 Kh6 48. Rg1 Kg7 49. Rc1 Kh6 50.
Rc2 Kh7 51. Bg1 Kg7 52. Qd3 Kh6 53. Qd2 Kg7 54. Qf2 Qh8 55. Qf3 Kf7 56. g4 Ke6 57.
Rg2 Kd7 58. gxf5 gxf5 59. Rg5 Qh7 60. Qg2 Ke6 61. Qf3 Kd7 62. Qg2 Kc6 63. Bf2 Re6
64. Qf1 Kb7 65. Qg2 Kc6 66. Kh2 Re4 67. h4 Rxe3 68. Bxe3 Qxh4+ 69. Kg1 Qe1+ 70. Qf1
Qxe3+ 71. Qf2 Qxb3 72. Kg2  1/2-1/2

[Event "36th Reykjavik op"]
[Site "Reykjavik ISL"]
[Date "2023.04.02"]
[Round "7.81"]
[White "Ragnarsson, Johann"]
[Black "Lindh, Fredrik"]
[WhiteElo "1929"]
[BlackElo "2259"]
[Result "0-1"]
[EventDate "2023.03.29"]
[PlyCount "98"]

1. d4 Nf6 2. c4 g6 3. Nc3 d5 4. Bf4 Bg7 5. Rc1 O-O 6. e3 dxc4 7. Bxc4 Nbd7 8. Nf3
Nh5 9. Bg3 Nxg3 10. hxg3 c5 11. O-O cxd4 12. exd4 Nb6 13. Bb3 Bg4 14. d5 Rc8 15.
Qd2 Qd7 16. Ne4 Qf5 17. Nc5 Bxf3 18. gxf3 Rc7 19. Ne4 Rxc1 20. Rxc1 Qxf3 21. Ng5
Qg4 22. d6 e6 23. Qf4 Qxf4 24. gxf4 Rd8 25. Rc7 Rxd6 26. Nxf7 Rd7 27. Rxd7 Nxd7 28.
Bxe6 Nc5 29. Bc4 Bxb2 30. Nd6+ Kg7 31. Bd5 b6 32. Nc8 Bd4 33. Kg2 Nd3 34. Kf3 Nxf2
35. Nxa7 Nd1 36. Nb5 Bc5 37. Bc4 Ne3 38. Bb3 Nf5 39. Nc7 Nd4+ 40. Ke4 Nxb3 41. axb3
h5 42. f5 g5 43. Ke5 Kf7 44. Ne6 Be7 45. Nc7 h4 46. Ke4 h3 47. Kf3 g4+ 48. Kf2 Bc5+
49. Kf1 g3  0-1